Những ảnh hưởng của chất đồng đẳng cấu lên tính chất quang học của hợp chất Ge2Sb2Te5 : Luận án tiến sĩ - Chuyên ngành: Vật lý chất bán dẫn

Kaydedildi:
Detaylı Bibliyografya
Yazar: Nguyễn, Huy Phúc
Materyal Türü: Luận văn
Dil:Undetermined
Baskı/Yayın Bilgisi: Moskva, Nga 2014
Konular:
Etiketler: Etiketle
Etiket eklenmemiş, İlk siz ekleyin!
Thư viện lưu trữ: Trung tâm Thư viện - Trường Đại học Công nghiệp TP. Hồ Chí Minh
LEADER 00665nam a2200157Ia 4500
001 UIH_01841
008 230809s9999 xx 000 0 und d
082 |a 621.38152 
100 |a Nguyễn, Huy Phúc 
245 0 |a Những ảnh hưởng của chất đồng đẳng cấu lên tính chất quang học của hợp chất Ge2Sb2Te5 : Luận án tiến sĩ - Chuyên ngành: Vật lý chất bán dẫn 
245 0 |c Nguyễn, Huy Phúc 
260 |b Moskva, Nga 
260 |c 2014 
650 |a Vật lý 
927 |a Luận văn 
980 |a Trung tâm Thư viện - Trường Đại học Công nghiệp TP. Hồ Chí Minh